000 00190 a2200097 4500
001 7574
100 _aHardie, N
245 _aIn highest Nepal
260 _a
_bAllen
_c
090 _c6062
_d6062
942 _aNUST-CAE
_cM
_c32559
999 _c242647
_d242647